Návrh racionalizačných opatrení k zabezpečeniu optimalizácie prepravy medzi závodmi Lom Včeláre a Vápenkou Slavec = Activities of informations management : Diplomová práca

Saved in:
Bibliographic Details
Main Author: Šimonová, Mária (Author)
Other Authors: Glos, František, 1951- (xxx)
Format: Manuscript Book
Language:Slovak
Published: Trnava : STU v Bratislave MTF UPMK, 2008
Subjects:
Tags: Add Tag
No Tags, Be the first to tag this record!

MARC

LEADER 00000ntm a22000003a 4500
001 stu167177
005 20160719155829.6
008 080723s2008----xo------------------slo-d
040 |a STU  |b slo 
041 0 |a slo 
044 |a xo 
100 1 |a Šimonová, Mária  |4 aut 
245 1 |a Návrh racionalizačných opatrení k zabezpečeniu optimalizácie prepravy medzi závodmi Lom Včeláre a Vápenkou Slavec = Activities of informations management :  |b Diplomová práca 
260 |a Trnava :  |b STU v Bratislave MTF UPMK,  |c 2008 
300 |a 84 s  |c príl., 1 CD-ROM 
500 |a Študijný program: priemyselné manažérstvo 
500 |a Študijný odbor: 5.2.52 priemyselné inžinierstvo 
650 7 |a logistika  |2 stusub 
650 7 |a preprava  |2 stusub 
700 1 |a Glos, František,  |d 1951-  |4 xxx  |u M190  |U MTF Materiálovotechnologická fakulta  |T MTF Katedra priemyselného inžinierstva a manažmentu  |X 3615  |U M190  |Y 167  |7 A000003615 
996 |b 284M068110  |c M*DP-7405  |l MMSKP  |s P  |a 0  |w stu167177_0001